| 000 | 00799nam a22002057i 4500 | ||
|---|---|---|---|
| 999 |
_c22812 _d22812 |
||
| 003 | AR-CdUCM | ||
| 008 | 240327b20212021pe ||||| |||| 00| 0 spa d | ||
| 020 | _a978-612-4436-47-5 | ||
| 040 |
_aMUNICIPALIDAD PROVINCIAL DEL CUSCO _cBIBLIOTECA MUNICIPAL DEL CUSCO |
||
| 041 | _hspa | ||
| 082 |
_a869.56 / Z87M14 _bZ87M14 |
||
| 100 |
_aZorrilla, Zein _948498 |
||
| 245 |
_aEl Mestizo de los Andes y su Destino : _bNi Hispano ni Indígena, sin embargo, ambos a la vez / |
||
| 260 |
_aLima : _bLluvia Editores, _c2021 |
||
| 300 |
_a126 páginas. : _c24 cm. |
||
| 505 | _aNi Hispano ni Indígena -- Un hombre de ideas -- Los caballeros del novecientos -- La tempestad -- Uriel García y la cueva de la peruanidad | ||
| 856 | _fwww.lluviaeditores.com | ||
| 942 |
_2ddc _cLIBROS |
||
| 945 |
_apbj _d27-03-2024 |
||